004860000a22001210004500090001700000245013000017041001400147700003300161100003800194942001300232773010200245999001700347 aASbSeriadas10aNueva especie de Zamia L. (Zamiaceae) de los Andes de Colombia y clave actualizada para las especies del género en Colombia0 aEspañol1 aStevenson, Dennis Wm.9998001 aCalderón Sáenz, Eduardo93427 cARTICULO1 tRevista de Academia Colombiana de Ciencias Exactas, Físicas y Naturalesh105q485-490d2003g27 c15534d15534